[Event "Challenge"]
[Site "http://www.queenalice.com/game.php?id=314288"]
[Date "2007.12.3"]
[Round "-"]
[White "kalim"]
[Black "guidzidlo"]
[Result "0-1"]
[WhiteElo "1756"]
[BlackElo "1645"]

1. d4 d5 2. e4 e6 3. Be3 dxe4 4. Nc3 f5 5. Bc4 Nf6 6. f3 exf3 7. Nxf3 Nc6 8. O-O
a6 9. Qe1 b5 10. Be2 Bb7 11. Ng5 Qe7 12. Rd1 h6 13. Nf3 Ng4 14. Bf4 O-O-O 15.
Ne5 Ncxe5 16. dxe5 Qc5+ 17. Kh1 Nxe5 18. Rxd8+ Kxd8 19. Qd2+ Bd6 20. Re1 Kc8 21.
Bxe5 Qxe5 0-1

[Event "Challenge"]
[Site "http://www.queenalice.com/game.php?id=314289"]
[Date "2007.12.3"]
[Round "-"]
[White "kalim"]
[Black "anandya"]
[Result "0-1"]
[WhiteElo "1797"]
[BlackElo "1816"]

1. d4 d5 2. e4 c6 3. Be3 dxe4 4. Nc3 Bf5 5. f3 exf3 6. Nxf3 Nd7 7. Bc4 e6 8. O-O
Bd6 9. Qe2 Ngf6 10. Rad1 h6 11. Bf2 O-O 12. h3 b5 13. Bd3 Bxd3 14. Rxd3 Nd5 15.
Nxd5 exd5 16. c3 Re8 17. Qc2 Nf6 18. Re3 Qc7 19. Rfe1 Re7 20. Rxe7 Bxe7 21. Ne5
Ne4 22. Qe2 Bf6 23. Qe3 Bxe5 24. dxe5 Qxe5 25. Qd3 a5 26. Bd4 Qg5 27. Be3 Qg3
28. Rf1 Re8 29. Rf3 Qg6 30. Qf1 Re6 31. Rf4 Qh5 32. Rg4 Rf6 33. Rf4 Rxf4 34.
Qxf4 Qg6 35. Bb6 a4 36. Qb8+ Kh7 37. Qc8 Ng5 38. Qg4 Ne6 39. Qd1 Nf4 40. Qf1
Nxh3+ 41. Kh2 Ng5 0-1

[Event "Challenge"]
[Site "http://www.queenalice.com/game.php?id=314290"]
[Date "2007.12.3"]
[Round "-"]
[White "kalim"]
[Black "Redtom"]
[Result "0-1"]
[WhiteElo "1792"]
[BlackElo "1902"]

1. d4 f5 2. g4 fxg4 3. Bf4 d6 4. Bg3 Nf6 5. h3 Nc6 6. hxg4 Bxg4 7. Bh3 Qd7 8. f3
Bxh3 9. Nxh3 O-O-O 10. c3 e5 11. d5 Ne7 12. Ng5 Nexd5 13. Qd3 g6 14. Nd2 Nf4 15.
Bxf4 exf4 16. Qc4 d5 17. Qb3 h6 18. Nh3 g5 19. Nf2 Bc5 20. Nd3 Be3 21. Ne5 Bxd2+
22. Kxd2 Qe6 23. Nd3 Qe3+ 24. Ke1 Rhe8 0-1

[Event "Challenge"]
[Site "http://www.queenalice.com/game.php?id=314855"]
[Date "2007.12.4"]
[Round "-"]
[White "kalim"]
[Black "Juventus"]
[Result "1/2-1/2"]
[WhiteElo "1798"]
[BlackElo "1584"]

1. d4 Nf6 2. Nc3 g6 3. e4 Bg7 4. f4 O-O 5. e5 Ne8 6. Nf3 e6 7. Bd3 f5 8. O-O Bh6
9. Qe1 d5 10. Qg3 b6 11. Qh3 Kg7 12. Ng5 c5 13. Qh4 Nc6 14. Ba6 Nxd4 15. Bxc8
Qxc8 16. Rf2 c4 17. Be3 Bxg5 18. fxg5 Nc6 19. Qh6+ Kg8 20. Bf4 Qc7 21. Nb5 Qg7
22. Qxg7+ Nxg7 23. c3 Nh5 24. Nd6 Nxf4 25. Rxf4 Nd8 26. a4 Nf7 27. Nxf7 Rxf7 28.
a5 Rb8 29. axb6 Rxb6 30. Ra2 Rfb7 31. Rf2 Kg7 32. h4 h6 33. Kh2 Rb5 34. gxh6+
Kxh6 35. g3 Kh5 36. Kh3 g5 37. hxg5 Kxg5 38. Re2 a5 39. Rd2 Rh7+ 40. Kg2 f4 41.
gxf4+ Kxf4 42. Ra1 Kxe5 43. Re1+ Kd6 44. Kf3 Rf7+ 45. Kg4 a4 46. Re4 Rc7 47.
Red4 Kc5 48. Kf4 Rcb7 49. Ke5 Rxb2 50. Kxe6 Rxd2 51. Rxd2 a3 52. Rxd5+ Kc6 53.
Rd1 a2 54. Ra1 Ra7 55. Ke5 Kb5 56. Kd5 Ra5 57. Kd4 1/2-1/2

[Event "Challenge"]
[Site "http://www.queenalice.com/game.php?id=314867"]
[Date "2007.12.4"]
[Round "-"]
[White "kalim"]
[Black "carlosaude"]
[Result "1-0"]
[WhiteElo "1828"]
[BlackElo "1611"]

1. e4 e5 2. Nf3 Nc6 3. Bc4 h6 4. O-O Nf6 5. Nc3 a6 6. d4 b5 7. Bd3 exd4 8. Ne2
d6 9. Nexd4 Ne5 10. Nxe5 dxe5 11. Nc6 Qd6 12. Na5 Qb6 13. Qe1 Bc5 14. h3 O-O 15.
c4 b4 16. Nb3 Rd8 17. Qe2 Bb7 18. Nxc5 Qxc5 19. Be3 Qc6 20. Rae1 Nxe4 21. Bxh6
Nd2 22. Qg4 Qxg2+ 23. Qxg2 Bxg2 24. Bxd2 Bxf1 25. Be4 Rab8 26. Bd5 Bxc4 27. Bxc4
Rxd2 28. Rxe5 Rxb2 29. Re7 c6 30. Rxf7 g5 31. Rb7+ Kf8 32. Rxb8+ Ke7 33. Rb6 c5
34. Rxa6 Rc2 35. Bb3 c4 36. Bxc2 c3 37. Ra4 Kd6 38. Rxb4 1-0

[Event "Challenge"]
[Site "http://www.queenalice.com/game.php?id=314912"]
[Date "2007.12.4"]
[Round "-"]
[White "kalim"]
[Black "mitsho"]
[Result "1-0"]
[WhiteElo "1787"]
[BlackElo "1581"]

1. d4 d5 2. e4 dxe4 3. Nc3 Nf6 4. f3 exf3 5. Nxf3 e6 6. Bd3 Bb4 7. O-O O-O 8.
Bg5 Nbd7 9. Ne4 Be7 10. Qe1 b6 11. Qh4 h6 12. Bxh6 gxh6 13. Qxh6 Bb7 14. Nfg5
Bxe4 15. Bxe4 1-0

[Event "Challenge"]
[Site "http://www.queenalice.com/game.php?id=316208"]
[Date "2007.12.6"]
[Round "-"]
[White "kalim"]
[Black "jmarcen"]
[Result "1-0"]
[WhiteElo "1699"]
[BlackElo "2039"]

1. d4 Nf6 2. Nc3 e6 3. e4 d5 4. Be3 dxe4 5. f3 Bb4 6. Bc4 O-O 7. a3 Bxc3+ 8.
bxc3 exf3 9. Nxf3 Nbd7 10. O-O Nb6 11. Bd3 Nbd5 12. Qd2 Nxe3 13. Qxe3 Bd7 14.
Qg5 h6 15. Qh4 Bc6 16. Rae1 Qd6 17. Ne5 Qd5 18. Re2 Rad8 19. Nxc6 Qxc6 20. Rxf6
gxf6 21. Qxh6 f5 22. Qg5+ Kh8 23. Re3 Qxg2+ 24. Qxg2 Rg8 25. Rh3# 1-0

[Event "Challenge"]
[Site "http://www.queenalice.com/game.php?id=316209"]
[Date "2007.12.6"]
[Round "-"]
[White "kalim"]
[Black "crubiov"]
[Result "0-1"]
[WhiteElo "1800"]
[BlackElo "2320"]

1. d4 Nf6 2. c4 e6 3. Nc3 Bb4 4. Bg5 c5 5. e3 Qa5 6. Ne2 Ne4 7. Bf4 Nxc3 8. bxc3
Bxc3+ 9. Nxc3 Qxc3+ 10. Ke2 Qxc4+ 11. Qd3 Qxd3+ 12. Kxd3 cxd4 13. exd4 b6 14.
Be2 Ba6+ 15. Kd2 Bxe2 16. Kxe2 Nc6 17. Rhd1 d5 18. Rac1 Rc8 19. Bd6 Nxd4+ 20.
Kf1 Nc6 21. h3 Kd7 22. Bh2 Na5 23. Be5 f6 24. Bg3 Rxc1 25. Rxc1 Nc4 26. Ke2 Rc8
0-1

[Event "Challenge"]
[Site "http://www.queenalice.com/game.php?id=316210"]
[Date "2007.12.6"]
[Round "-"]
[White "kalim"]
[Black "franliro"]
[Result "0-1"]
[WhiteElo "1780"]
[BlackElo "1920"]

1. d4 Nf6 2. Nc3 d5 3. e4 dxe4 4. f3 exf3 5. Nxf3 Bg4 6. h3 Bxf3 7. Qxf3 c6 8.
Be3 e6 9. Bc4 Bb4 10. O-O Bxc3 11. bxc3 Nbd7 12. Rae1 O-O 13. Bg5 Qa5 14. Qg3
Kh8 15. Bd3 h6 16. Bxf6 Nxf6 17. Re5 Qxa2 18. Qh4 Ng8 19. Rg5 f5 20. g4 Ne7 21.
gxf5 exf5 22. Rf2 Qa1+ 23. Kg2 Qxc3 24. Bxf5 Nxf5 25. Rgxf5 Rxf5 26. Rxf5 Qxc2+
27. Rf2 Qg6+ 28. Kh2 a5 29. Qe7 a4 30. Qa3 b5 31. Rg2 Qf6 32. Qb2 a3 33. Qa1 c5
0-1

[Event "Challenge"]
[Site "http://www.queenalice.com/game.php?id=316211"]
[Date "2007.12.6"]
[Round "-"]
[White "kalim"]
[Black "Mikalus"]
[Result "1-0"]
[WhiteElo "1781"]
[BlackElo "1720"]

1. d4 e6 2. e4 d5 3. Be3 b6 4. e5 c5 5. Nf3 Nc6 6. dxc5 bxc5 7. c3 Qc7 8. Bb5
Bd7 9. O-O Nxe5 10. Bxd7+ Nxd7 11. g3 Ngf6 12. Qe2 Bd6 13. Na3 a6 14. Rac1 c4
15. Nc2 Rb8 16. Ncd4 O-O 17. b3 Nb6 18. b4 Ng4 19. Qc2 Ne5 20. Nxe5 Bxe5 21. f4
Bf6 22. Qg2 Nd7 23. Qh3 g6 24. Nf3 Bg7 25. Ng5 h6 26. Nf3 e5 27. Nxe5 Nxe5 28.
fxe5 g5 29. Bd4 Ra8 30. Rf6 Kh7 31. Qf5+ Kg8 32. Bb6 Qe7 33. Bc5 Qc7 34. Bxf8
Rxf8 35. Rd6 Qa7+ 36. Qf2 Qe7 37. Rxd5 Rd8 38. Qc5 1-0

[Event "Challenge"]
[Site "http://www.queenalice.com/game.php?id=322573"]
[Date "2007.12.19"]
[Round "-"]
[White "kalim"]
[Black "Indefinable"]
[Result "0-1"]
[WhiteElo "1818"]
[BlackElo "1900"]

1. d4 d5 2. e4 dxe4 3. Nc3 Bf5 4. f3 Nf6 5. g4 Bg6 6. f4 h6 7. f5 Bh7 8. Bg2 g6
9. Nxe4 Nd5 10. c4 gxf5 11. Nf6+ Nxf6 12. Bxb7 fxg4 13. Bxa8 Bg7 14. Qa4+ Nbd7
15. Bg2 O-O 16. Ne2 Nb6 17. Qb4 Bd3 18. Bf1 Nxc4 19. Nf4 Bxf1 20. Rxf1 Qxd4 21.
Ne2 Qd3 22. Qc3 Qxc3+ 23. Nxc3 Ne5 24. Nb5 a6 25. Nxc7 Ne4 26. Nxa6 Nd3+ 27. Ke2
Nxc1+ 28. Raxc1 Bxb2 29. Rc2 Be5 30. Ke3 Nd6 31. Nb4 e6 32. Nc6 Bg7 33. a4 Nf5+
34. Rxf5 exf5 35. Ne7+ Kh7 36. Nxf5 Be5 37. Ke4 f6 38. Ra2 Ra8 39. Ne3 h5 40.
Nc4 Re8 41. Kf5 Kg7 42. a5 Bb8 43. a6 Re7 44. Rb2 Ba7 45. Ra2 Rc7 46. Nd6 Rc5+
47. Ke6 h4 48. Rb2 g3 49. hxg3 hxg3 50. Nf5+ Kg6 51. Nxg3 Rc6+ 52. Kd7 Rxa6 53.
Ne4 Bd4 54. Rg2+ Kf5 55. Nd6+ Kf4 56. Nb5 Be3 57. Nc7 Ra5 58. Rg6 f5 59. Ne6+
Kf3 60. Ng5+ Ke2 61. Re6 f4 62. Nh3 f3 63. Ng1+ Kf2 64. Nxf3 Kxf3 65. Ke7 Kf4
66. Rc6 Kf5 67. Rf6+ Kg5 68. Rc6 Bd4 69. Kd7 Kf5 70. Kc8 Rb5 71. Ra6 Be5 72. Ra8
Ke6 73. Ra6+ Bd6 74. Ra8 Rb6 75. Kd8 Rb7 76. Ke8 Rh7 0-1

[Event "Challenge"]
[Site "http://www.queenalice.com/game.php?id=322575"]
[Date "2007.12.19"]
[Round "-"]
[White "kalim"]
[Black "paddymalonespub"]
[Result "1-0"]
[WhiteElo "1764"]
[BlackElo "1618"]

1. d4 d5 2. e4 dxe4 3. Nc3 Nf6 4. f3 e6 5. fxe4 Bb4 6. Bg5 Bxc3+ 7. bxc3 Nc6 8.
e5 h6 9. Bxf6 gxf6 10. exf6 Qxf6 11. Nf3 e5 12. Bc4 Bg4 13. O-O O-O-O 14. Qe1
exd4 15. Nxd4 Qg6 16. Bxf7 Qg7 17. Be6+ Bxe6 18. Nxe6 Rhe8 19. Nxg7 Rxe1 20.
Raxe1 b6 21. Re8 Rxe8 22. Nxe8 1-0

[Event "Challenge"]
[Site "http://www.queenalice.com/game.php?id=324129"]
[Date "2007.12.21"]
[Round "-"]
[White "kalim"]
[Black "fcgar"]
[Result "0-1"]
[WhiteElo "1789"]
[BlackElo "2010"]

1. d4 Nf6 2. Nc3 d5 3. e4 dxe4 4. f3 exf3 5. Nxf3 Bg4 6. h3 Bxf3 7. Qxf3 c6 8.
Be3 e6 9. Bd3 Bb4 10. O-O Nbd7 11. Ne4 Qe7 12. Qg3 O-O-O 13. c3 Nxe4 14. Bxe4
Bd6 15. Qf3 f5 16. Bd3 g5 17. c4 g4 18. Qe2 gxh3 19. Bf4 hxg2 20. Rf2 Bxf4 21.
d5 Bh2+ 22. Kxg2 Rhg8+ 0-1

[Event "Challenge"]
[Site "http://www.queenalice.com/game.php?id=324130"]
[Date "2007.12.21"]
[Round "-"]
[White "kalim"]
[Black "Sinja"]
[Result "0-1"]
[WhiteElo "1820"]
[BlackElo "2224"]

1. d4 d5 2. e4 c6 3. e5 c5 4. Nf3 Bg4 5. Be2 Nc6 6. c3 Bxf3 7. Bxf3 e6 8. O-O
cxd4 9. cxd4 Qb6 10. Nc3 Qxd4 11. Qxd4 Nxd4 12. Bd1 a6 13. Be3 Nc6 14. Bf4 Nge7
15. Rc1 Ng6 16. Bg3 Ngxe5 17. Bxe5 Nxe5 18. Re1 Nd3 19. Nxd5 Bd6 20. Ne3 Nxc1
21. Bf3 Nd3 22. Rd1 O-O-O 23. Nc4 Bc5 24. Na5 b6 25. Nb7 Bxf2+ 26. Kf1 Rd4 27.
Rxd3 Rxd3 28. Kxf2 Rxf3+ 29. Kxf3 Kxb7 0-1

[Event "Challenge"]
[Site "http://www.queenalice.com/game.php?id=324170"]
[Date "2007.12.22"]
[Round "-"]
[White "kalim"]
[Black "SalsaQueen"]
[Result "1-0"]
[WhiteElo "1779"]
[BlackElo "1521"]

1. e4 e5 2. Nf3 d6 3. Bc4 Bg4 4. d4 Nc6 5. Bxf7+ Kd7 6. dxe5 Kc8 7. Qd5 Nge7 8.
Qb3 Nxe5 9. Nxe5 dxe5 10. Nc3 Nc6 11. Be3 Qf6 12. O-O Nb4 13. Nd5 Qxf7 14. Nb6+
1-0

[Event "Challenge"]
[Site "http://www.queenalice.com/game.php?id=324176"]
[Date "2007.12.22"]
[Round "-"]
[White "kalim"]
[Black "MurielleLyon"]
[Result "1-0"]
[WhiteElo "1808"]
[BlackElo "1268"]

1. d4 d5 2. e4 dxe4 3. Nc3 f5 4. Bc4 Nc6 5. d5 Nb4 6. a3 Na6 7. Bf4 Nf6 8. Qe2
Nc5 9. b4 Ncd7 10. Nb5 Nxd5 11. Bxd5 e5 12. Be3 f4 13. Bc1 c6 14. Bxe4 cxb5 15.
Nf3 a6 16. Bb2 Bd6 17. Rd1 Nb6 18. Bxe5 Bxe5 19. Rxd8+ Kxd8 20. Nxe5 Ke8 21.
Qh5+ Ke7 22. Qf7+ Kd6 23. Qxg7 Be6 24. Nf7+ Bxf7 25. Qxf7 Rab8 26. O-O Nc4 27.
Rd1+ Ke5 28. Qf5# 1-0

[Event "Challenge"]
[Site "http://www.queenalice.com/game.php?id=329230"]
[Date "2008.1.1"]
[Round "-"]
[White "SalsaQueen"]
[Black "kalim"]
[Result "1/2-1/2"]
[WhiteElo "1685"]
[BlackElo "1805"]

1. d4 Nf6 2. Nc3 e6 3. h3 Nc6 4. a3 d5 5. e3 Bd6 6. Nb5 O-O 7. Nxd6 Qxd6 8. Bd3
e5 9. dxe5 Nxe5 10. Bd2 c5 11. b4 c4 12. b5 cxd3 13. Bb4 Qd8 14. Bxf8 Qxf8 15.
cxd3 Be6 16. f3 Qe8 17. a4 Rc8 18. Ne2 Bf5 19. Nf4 Rc3 20. e4 dxe4 21. O-O g5
22. dxe4 Be6 23. Nd5 Bxd5 24. exd5 Rd3 25. Qc2 Nxd5 26. Rae1 Ne3 27. Qc5 Nd7 28.
Qxg5+ Kh8 29. Rf2 Rd1 30. Rxd1 Nxd1 31. Rd2 Nc3 1/2-1/2

[Event "Challenge"]
[Site "http://www.queenalice.com/game.php?id=333181"]
[Date "2008.1.8"]
[Round "-"]
[White "kalim"]
[Black "Jorac"]
[Result "1/2-1/2"]
[WhiteElo "1824"]
[BlackElo "2068"]

1. d4 Nf6 2. Nc3 d5 3. e4 dxe4 4. f3 Bf5 5. fxe4 Nxe4 6. Nxe4 Bxe4 7. c3 e6 8.
Nf3 Be7 9. Be3 O-O 10. Bd3 f5 11. Bxe4 fxe4 12. Ne5 Bd6 13. g3 Nc6 14. Qb3 Qf6
15. O-O-O Nxe5 16. dxe5 Bxe5 17. Rhf1 Qe7 18. Rxf8+ Rxf8 19. Qxb7 Rf3 20. Qxe4
Qf6 21. Qa8+ Kf7 22. Rd7+ Kg6 23. Qe8+ Kf5 24. Rf7 Rxe3 25. Rxf6+ Bxf6 26. Qh5+
Ke4 27. Qxh7+ Kd5 28. Kc2 c5 29. Qh5+ Kd6 30. Qg4 Re5 31. c4 a5 32. b3 Rf5 33.
Qe2 Bd4 34. Qe4 Rf2+ 35. Kd3 Rxh2 36. Qb7 Rxa2 37. Qb8+ Ke7 38. Qc7+ Kf6 39.
Qf4+ 1/2-1/2

[Event "Challenge"]
[Site "http://www.queenalice.com/game.php?id=336336"]
[Date "2008.1.14"]
[Round "-"]
[White "kalim"]
[Black "SalsaQueen"]
[Result "1-0"]
[WhiteElo "1817"]
[BlackElo "1692"]

1. d4 d5 2. e4 dxe4 3. Nc3 Bf5 4. f3 Nf6 5. g4 Bg6 6. h4 h5 7. g5 Ng8 8. fxe4 e6
9. Bd3 Nc6 10. Nf3 a6 11. Bf4 Bd6 12. e5 Bb4 13. a3 Bxc3+ 14. bxc3 Nge7 15. Be2
Nd5 16. Qd2 Nxf4 17. Qxf4 Bxc2 18. O-O Bg6 19. c4 Na5 20. Rad1 Nc6 21. d5 Nb8
22. dxe6 Qe7 23. exf7+ Bxf7 24. Nd4 O-O 25. e6 Bxe6 26. Qxf8+ Qxf8 27. Rxf8+
Kxf8 28. Nxe6+ Kg8 29. Nxc7 Ra7 30. Rd8+ 1-0

[Event "Challenge"]
[Site "http://www.queenalice.com/game.php?id=340644"]
[Date "2008.1.22"]
[Round "-"]
[White "kalim"]
[Black "Gil"]
[Result "0-1"]
[WhiteElo "1826"]
[BlackElo "2198"]

1. d4 d5 2. e4 dxe4 3. Nc3 Nf6 4. f3 exf3 5. Nxf3 e6 6. Bd3 Nc6 7. Bg5 h6 8. Bh4
Be7 9. Qd2 O-O 10. O-O-O Nd5 11. Bxe7 Qxe7 12. a3 Bd7 13. Ne4 a5 14. Kb1 f5 15.
Nc5 b6 16. Nxd7 Qxd7 17. Bb5 Qd6 18. Bxc6 Qxc6 19. Ne5 Qd6 20. Rhf1 b5 21. Qd3
c5 22. Qxb5 Nc3+ 23. bxc3 Rfb8 24. Qxb8+ Rxb8+ 25. Kc1 cxd4 0-1